| 000 | 00826nam a2200265 4500 | ||
|---|---|---|---|
| 001 | 2897 | ||
| 003 | BD-RjUL | ||
| 005 | 20211208233635.0 | ||
| 008 | 131217r19741973ne b 001 0 eng | ||
| 020 | _a0444104712 (American Elsevier) | ||
| 035 | _a(BD-RjUL)2925 | ||
| 040 |
_aDLC _cDLC _dDLC _dBD-RjUL _beng |
||
| 041 | _aeng | ||
| 082 | 0 | 0 |
_a338.9001 _bHET 1974 |
| 100 | 1 |
_aHeal, G. M. _99277 |
|
| 245 | 1 | 4 |
_aThe theory of economic planning / _c[by] G. M. Heal. |
| 260 |
_aAmsterdam, _bNorth-Holland Pub. Co.; _aNew York, _bAmerican Elsevier Pub. Co., _c1973 [Reprinting 1974]. |
||
| 300 |
_axiv, 409 p. ; _c23 cm. |
||
| 490 | 0 | _aAdvanced textbooks in economics, v. 3 | |
| 504 | _aBibliography: p. [399]-403. | ||
| 650 | 0 |
_aEconomic policy. _99278 |
|
| 942 |
_2ddc _cBK |
||
| 999 |
_c2897 _d2897 |
||